|
|
|
|
| LEADER |
00660nam a22002051a 4500 |
| 020 |
|
|
|a 9781846141508
|c 0.00
|
| 040 |
|
|
|a SSUS - Library - Kalady
|
| 082 |
|
|
|a 270.1
|b GEZ/J
|
| 100 |
|
|
|a Geza Vermes
|
| 245 |
|
|
|a Christan beginnings : from Nazareth to Nicaea (AD 30-325)
|h [Text]
|
| 260 |
|
|
|a London
|b Allen Lane
|c 2012
|
| 300 |
|
|
|a 272p.
|
| 600 |
|
|
|a Church History
|
| 600 |
|
|
|a Jesus Christ
|
| 600 |
|
|
|a Religion
|
| 600 |
|
|
|a Christianity
|
| 852 |
|
|
|h 270.1
|i GEZ/J
|p 070144
|9 899.00
|t 0
|
| 942 |
|
|
|c BK
|
| 999 |
|
|
|c 7610
|d 7610
|
| 952 |
|
|
|0 0
|1 0
|4 0
|6 270_100000000000000_GEZ_J
|7 0
|9 11449
|a SSUS
|b SSUS
|d 2015-01-08
|g 899.00
|o 270.1 GEZ/J
|p 070144
|r 2015-01-08
|v 0.00
|w 2015-01-08
|y BK
|